LEADER 01526nam a2200277 u 4500 001 000000053514 003 CaOOAMICUS 005 20070226115553.0 008 001116s1999 it u000 u ita u 035 $a10861492 040 $aPUL$bita 100 1 $aGómez, Jorge I.$0(OLS)http://pul/name/38085 245 10$aSpiritualità della Divina Redenzione :$blinee emergenti nella spiritualità dei missionari della Divina Redenzione, alla luce della "Redemptoris hominis" /$cJorge I. Gómez G. 260 $aRomae :$b[s.n.],$c1999. 300 $aix, 65 p. ;$c24 cm 500 $aIn testa al front.: Pontificia Facultas Theologica, Pontificium Institutum Spiritualitatis Teresianum - Romae. 500 $aPars dissertationis ad lauream in Instituto Spiritualitatis Pontificiae Facultatis Theologicae Teresianum. 504 $a"Bibliografia": p. [56]-65. 610 24$aPapi (1978-2005 : Iohannes Paulus PP. II).$tRedemptor hominis.$0(OLS)http://pul/subject/22100 610 24$aMissionari della Divina Redenzione.$0(OLS)http://pul/subject/22101 850 $aPUL 852 $aPUL$W1$xDP1 Tesi Pon. Fac. Teresianum$y48$mTH TER 185$j70596$nBK-PRI$b $qTesi$B70596$CPULBib$Z2$F70596 $H $81 941 1 $a16 961 $aINV: 82763 996 $6245$aSpiritualità della Divina Redenzione :$blinee emergenti nella spiritualità dei missionari della Divina Redenzione, alla luce della "Redemptoris hominis"$9(OLS)http://pul/title/71786 996 $6260$aRomae :$b[s.n.]$9(OLS)http://pul/publisher/48223 LEADER 01421nam a2200325 u 4500 001 000000070662 003 CaOOAMICUS 005 20070226122039.0 008 020513s1989 it u000 u ita u 020 $a8842034916 035 $a10929582 040 $aPUL(R)$bita 041 1 $aita$hfre 100 1 $aCouliano, Ioan P.,$d1950-1991.$0(OLS)http://pul/name/30235 240 10$aExpériences de l'extase.$lItaliano.$0(OLS)http://pul/title/93123 245 10$aEsperienze dell'estasi dall'ellenismo al Medioevo /$cIoan P. Couliano ; prefazione di Mircea Eliade. 260 $aBari :$bG. Laterza & figli,$c1989. 300 $aix, 224 p. ;$c22 cm 490 1 $aStudi religiosi iniziatici ed esoterici 504 $aContiene indicazioni bibliografiche. 650 4$aGnosticismo.$0(OLS)http://pul/subject/5833 700 1 $aEliade, Mircea,$d1907-1986.$0(OLS)http://pul/name/1652 830 0$aStudi religiosi iniziatici ed esoterici.$0(OLS)http://pul/title/93125 850 $aPUL 852 $aPUL$W1$xDP1 Cons. Gen., Altre Classi 1$y22$m780 B 11$j91432$nBK-PRI$b $qStampati$B91432$CPULBib$Z2$F91432 $H $81 941 1 $a8 961 $aINV: 64665 996 $6020$a8842034916$9(OLS)http://pul/number/91367 996 $6245$aEsperienze dell'estasi dall'ellenismo al Medioevo$9(OLS)http://pul/title/93124 996 $6260$aBari :$bG. Laterza & figli$9(OLS)http://pul/publisher/48969